Top 10 Top-Selling Car Brands in the UK - Statistics

General Stats
  • This quiz has been taken 152 times
  • The average score is 8 of 10
Answer Stats
Position Answer % Correct
#1 Ford
93%
#5 BMW
87%
#7 Toyota
84%
#4 Mercedes-Benz
83%
#2 Volkswagen
80%
#6 Audi
78%
#9 Nissan
72%
#3 Vauxhall
71%
#10 Peugeot
65%
#8 Kia
56%
No matching quizzes found
Score Distribution
Percent of People with Each Score
Percentile by Number Answered
Your Score History
You have not taken this quiz